عرض عادي
عرض مارك
- Ross, Ian Campbell.
مدخل إسم شخص
001 - رقم الضبط
- حقل الضبط: 7823
003 - معرف رقم الضبط
- حقل الضبط: OSt
005 - تاريخ ووقت أخر عملية
- حقل الضبط: 20111213102444.0
008 - عناصر بيانات ثابتة الطول
- حقل تحكم ثابت الطول: 111213|||a|||||| | ||| d
040 ## - مصدر الفهرسة
- هيئة الفهرسة الأصلية: OSt
- وكالة الكتابة: OSt
100 ## - مدخل -- أسم شخص
- إسم شخص: Ross, Ian Campbell.
670 ## - بيانات المصدر موجوده
- الاستشهاد بالمصدر: Work cat.: (OSt)0: Sterne, Laurence, 1713-1768. 7820, The life and opinions of Tristram Shandy, gentleman /, 2009.
